00558 2200217 4500001002100000005001500021035002000036007000300056008004100059020002200100082001000122084001600132100001800148245003700166250000600203260004000209300004300249600001600292990001600308990001600324INLIS00000000000121420221219102853 a0010-1222000400ta221219 b 1 ind  a978-979-099-553-6 a741.5 a741.5 MAT k0 aMatt Anderson1 aKung Fu Panda 2 /cMatt Anderson a1 aJakarta :bErlangga for kids,c2012 a30 hlm :bilustrasi berwarna ;c20 cm. 4aCerita anak a00000002617 a00000002618